| 000 | 00000nam 2200000za 4500 |
| 001 | 9.839521 |
| 003 | CaOODSP |
| 005 | 20250403105942 |
| 007 | cr ||||||||||| |
| 008 | 170804s2017 onc o f000 0 fre d |
| 020 | |a978-0-660-09019-1 |
| 040 | |aCaOODSP|bfre |
| 043 | |an-cn--- |
| 086 | 1 |aCS11-627/2017-23F-PDF |
| 245 | 04|aUne ligne historique des statistiques canadiennes sur les prix à la production |h[ressource électronique]. |
| 260 | |a[Ottawa] : |bStatistique Canada, |c[2017] |
| 300 | |a[1] p. |
| 500 | |aPubl. aussi en anglais sous le titre : A historical timeline of Canadian producer price statistics. |
| 500 | |aTitre de départ. |
| 500 | |aLa fonctionnalité interactive de la publication est disponible seulement sur la version Web (HTML) |
| 520 | |a« Pour célébrer le 150e anniversaire du pays, une nouvelle ligne du temps interactive a été créée pour présenter les événements marquants dans l'histoire des statistiques sur les prix à la production au Canada. Vous trouverez dans cette ligne du temps les réponses aux questions telles que : Qui a recueilli les toutes premières statistiques du Canada? Que mesurent les indices canadiens des prix à la production? » |
| 692 | 07|2gccst|aPrix |
| 692 | 07|2gccst|aStatistiques |
| 710 | 2 |aStatistique Canada. |
| 775 | 08|tA historical timeline of Canadian producer price statistics |w(CaOODSP)9.839520 |
| 856 | 40|qPDF|uhttps://publications.gc.ca/collections/collection_2017/statcan/11-627-m/11-627-m2017023-fra.pdf |
| 986 | |a11-627-M, n° 2017023 |